| 000 | 04684cam a2200697 i 4500 | ||
|---|---|---|---|
| 001 | 22535881 | ||
| 003 | NUST | ||
| 005 | 20220828155836.0 | ||
| 008 | 220505t20192019nyua 000 0aeng c | ||
| 010 | _a 2021279438 | ||
| 020 |
_a9781501195471 _q(hardcover) |
||
| 020 |
_a1501195476 _q(hardcover) |
||
| 020 |
_z9781501195488 _q(ebook) |
||
| 035 | _a(OCoLC)on1056733522 | ||
| 040 |
_aYDX _beng _cYDX _erda _erda _dBDX _dOCLCQ _dAZZPT _dHBP _dOSU _dGZD _dVP@ _dTWP _dOCLCF _dDGU _dPIT _dOCL _dOCLCA _dOCLCQ _dOCLCO _dMBU _dOCL _dCOH _dOCLCO _dDLC |
||
| 042 | _apcc | ||
| 050 | 0 | 0 |
_aPS3615.K67 _bZ46 2019 |
| 060 | 4 |
_aPS3615.K67 _bZ46 2019 |
|
| 082 | 0 | 0 |
_a892.8 _bOKO |
| 100 | 1 |
_aOkorafor, Nnedi, _eauthor. _994711 |
|
| 245 | 1 | 0 |
_aBroken places & outer spaces : _bfinding creativity in the unexpected _cNnedi Okorafor ; illustrations by Shyama Golden. |
| 246 | 3 | _aBroken places and outer spaces | |
| 250 | _aFirst Simon & Schuster hardcover edition. | ||
| 260 |
_aNew York _bSimon & Schuster, _c2019 |
||
| 300 |
_a88 pages : _bcolor illustrations ; _c19 cm. |
||
| 336 |
_atext _btxt _2rdacontent |
||
| 336 |
_astill image _bsti _2rdacontent |
||
| 337 |
_aunmediated _bn _2rdamedia |
||
| 338 |
_avolume _bnc _2rdacarrier |
||
| 490 | 0 | _aTED books | |
| 505 | 0 | 0 |
_gChapter 1. _tBeached -- _gChapter 2. _tRetrograde -- _gChapter 3. _tBugs -- _gChapter 4. _tThe portal -- _gChapter 5. _tWhite coats -- _gChapter 6. _tI made her from clay -- _gChapter 7. _tTwitch -- _gChapter 8. _tRusting robot -- _gChapter 9. _tDammit -- _gChapter 10. _tMy singularity -- _gChapter 11. _tMachine -- _gChapter 12. _tThe beach. |
| 520 | _a"Nnedi Okorafor was never supposed to be paralyzed. A college track star and budding entomologist, Nnedi's lifelong battle with scoliosis was just a bump in her plan--something a simple operation would easily correct. But when Nnedi wakes from the surgery to find she can't move her legs, her entire sense of self begins to waver. Confined to a hospital bed for months, unusual things begin to happen. Psychedelic bugs crawl her hospital walls; strange dreams visit her nightly. Nnedi begins to put these experiences into writing, conjuring up strange, fantastical stories. What Nnedi discovers during her confinement would prove to be the key to her life as a successful science fiction author: In science fiction, when something breaks, something greater often emerges from the cracks. In Broken Places & Outer Spaces, Nnedi takes the reader on a journey from her hospital bed deep into her memories, from her painful first experiences with racism as a child in Chicago to her powerful visits to her parents' hometown in Nigeria. From Frida Kahlo to Mary Shelly, she examines great artists and writers who have pushed through their limitations, using hardship to fuel their work. Through these compelling stories and her own, Nnedi reveals a universal truth: What we perceive as limitations have the potential to become our greatest strengths--far greater than when we were unbroken. A guidebook for anyone eager to understand how their limitations might actually be used as a creative springboard, Broken Places & Outer Spaces is an inspiring look at how to open up new windows in your mind."--Provided by publisher. | ||
| 563 | _aHB | ||
| 600 | 1 | 0 |
_aOkorafor, Nnedi. _994711 |
| 648 | 7 |
_a2000-2099 _2fast _919929 |
|
| 650 | 0 |
_aResilience (Personality trait) _994712 |
|
| 650 | 0 |
_aSelf-acceptance. _994713 |
|
| 650 | 0 |
_aWell-being. _988933 |
|
| 650 | 0 |
_aLife skills. _97951 |
|
| 650 | 0 |
_aAuthors, American _y21st century _vBiography. _994714 |
|
| 650 | 6 |
_aRésilience (Trait de personnalité) _994715 |
|
| 650 | 6 |
_aAcceptation de soi. _994716 |
|
| 650 | 6 |
_aBien-être. _994717 |
|
| 650 | 6 |
_aHabiletés de base. _994718 |
|
| 650 | 6 |
_aÉcrivains américains _y21e siècle _vBiographies. _994719 |
|
| 650 | 7 |
_aAuthors, American. _2fast _0(OCoLC)fst00821764 _994720 |
|
| 650 | 7 |
_aLife skills. _2fast _0(OCoLC)fst00998359 _97951 |
|
| 650 | 7 |
_aResilience (Personality trait) _2fast _0(OCoLC)fst01095573 _994712 |
|
| 650 | 7 |
_aSelf-acceptance. _2fast _0(OCoLC)fst01111471 _994713 |
|
| 650 | 7 |
_aWell-being. _2fast _0(OCoLC)fst01402723 _988933 |
|
| 655 | 2 |
_aAutobiography _994721 |
|
| 655 | 7 |
_aAutobiographies. _2fast _0(OCoLC)fst01919894 _993795 |
|
| 655 | 7 |
_aBiographies. _2fast _0(OCoLC)fst01919896 _933106 |
|
| 655 | 7 |
_aAutobiographies. _2lcgft _993795 |
|
| 655 | 7 |
_aAutobiographies. _2rvmgf _993795 |
|
| 700 | 1 |
_aGolden, Shyama, _eillustrator. _994722 |
|
| 830 | 0 |
_aTed books. _994723 |
|
| 906 |
_a7 _bcbc _cpccadap _d2 _encip _f20 _gy-gencatlg |
||
| 942 |
_2ddc _cLC |
||
| 999 |
_c590538 _d590538 |
||